000 00335nam a2200133Ia 4500
008 240624s9999 xx 000 0 und d
041 _aeng
082 _a658.4038011 OZ
100 _aOZ EFFY
245 _aMANAGEMENT INFORMATION SYSTEMS
260 _c2009
_aAustralia
_bCengage Learning
300 _a440 : p. : cm. ; 24
365 _cRS
999 _c20460
_d20460